| 000 | 00666nam a2200229 i 4500 | ||
|---|---|---|---|
| 001 | 59116 | ||
| 003 | ES-MaACL | ||
| 005 | 20230906163952.0 | ||
| 007 | t| | ||
| 008 | 031027s1969 sp |||| | spa d | ||
| 080 | _a348.12 | ||
| 245 | 0 | 4 |
_aLas encíclicas del mundo moderno / _c[Fermín Muñoz, estudios preliminares]. |
| 250 | _a1ª ed. | ||
| 260 |
_aBarcelona, etc. : _bBruguera, _c1969. |
||
| 300 |
_a665 p. ; _c18 cm. |
||
| 655 | 7 |
_2tgfbne _9227186 _aDocumentos pontificios |
|
| 655 | 7 |
_2tgfbne _9226879 _aEncíclicas |
|
| 700 | 1 |
_aMuñoz Pellegero, Fermín. _984471 |
|
| 852 |
_aES-MaACL _jC-51246 |
||
| 942 | _2udc | ||
| 999 |
_c59116 _d59116 |
||